000 00246nam a2200109Ia 4500
999 _c9167
_d9167
020 _a 978-0072979237
100 _aDonald R. Cooper
245 0 _aBusiness Research Methods
260 _aNew Delhi
_bBantam Books
_c1999
300 _a643
942 _cBK